Paroles - K. Maro Femme like U - Statistiques

Statistiques générales
  • Ce quiz a été pris 235 fois
  • Le résultat moyen est 317 sur 478
Statistiques - réponses
Réponse % Correct
donne
99%
moi,
99%
ton
98%
Ton
98%
baby
97%
corps,
93%
corps
93%
coeur,
92%
cœur,
92%
cœur
92%
femme
91%
Femme,
91%
je
91%
Je
91%
like
91%
un
91%
Un
91%
you
91%
you,
91%
à
89%
une
89%
Une
89%
veux
89%
Ta
88%
ta
88%
vie
87%
soul,
86%
soul
86%
homme
85%
bon
83%
rock,
83%
me
81%
vieux
81%
Chante
80%
de
79%
avec
77%
donnes
77%
du
77%
ma
77%
tu
76%
le
74%
Le
74%
mon
73%
au
72%
la
72%
72%
Pour
72%
pour
72%
qui
72%
Qui
72%
se
70%
bout
69%
dans
69%
que
69%
Que
69%
Donne-moi
68%
monde
68%
Quand
68%
quand
68%
funk
67%
Et
66%
et
66%
j'ai
66%
J'ai
66%
j'oublie,
63%
pas
63%
mal
61%
ce
60%
m'emmener
60%
plus
59%
sais
58%
chantes,
56%
chantes
56%
passe
56%
regard
55%
sens
55%
j'sais
54%
moindre
53%
53%
fuit,
52%
ramène
52%
souci
52%
plais
51%
puis
51%
qu'est-ce
51%
case
49%
départ
49%
face
48%
hey
48%
on
48%
est
47%
T'as
46%
t'es
46%
T'es
46%
boy,
45%
Bad
41%
mes
41%
soirée
41%
sorti
41%
bar
38%
belle
38%
même
38%
si
38%
les
35%
sexy
34%
c'est
33%
voix
33%
son
32%
veines
32%
cette
31%
sur
31%
my
30%
parti
30%
complicité
29%
croise
28%
mienne,
28%
s'installe
27%
Nous
26%
scène
26%
étoile
23%
sous
23%
elle,
22%
j'suis
22%
comme
20%
des
19%
brille
18%
Deux
18%
deux
18%
fabulous,
18%
histoires
17%
Y'a
17%
y'a
17%
qu'on
16%
tête
15%
Flash
13%
flash,
13%
rencontre
13%
chanson
12%
l'ancienne
12%
magie
12%
racontent
12%
vies,
12%
charme
11%
Complices,
11%
coule
11%
décrire
11%
dire
11%
style
11%
terminé
11%
Glamourous,
10%
images
10%
parfaite
10%
rencontrent
10%
rock'n'roll
10%
tiennes
10%
l'atmosphère
9%
mots,
9%
mots
9%
savais
9%
j'te
8%
leur
8%
mec
8%
Soulmate,
8%
rockstar
7%
collabo,
6%
Crois-moi
6%
délice
6%
vibe
6%
baby-baby,
5%
baby-baby
5%
dames
5%
Diddy,
5%
j'perds
5%
live
5%
Mary J.Blige
5%
Prends
5%
Mmh
4%
mmh
4%
rappeler
4%
j'glisse
3%
pente
3%
rideau
3%
tombe
3%
feuille
2%
Aucun quiz correspondant
Distribution des résultats
% des personnes avec chaque résultat
Percentile par nombre de réponses
Votre historique - résultats
Vous n’avez pas pris ce quiz